The missing mitten mystery / (Record no. 1666)

MARC details
000 -LEADER
fixed length control field 00970cam a2200277 a 4500
005 - DATE AND TIME OF LATEST TRANSACTION
control field 20250422085640.0
020 ## - INTERNATIONAL STANDARD BOOK NUMBER
International Standard Book Number 0439375940
040 ## - CATALOGING SOURCE
Original cataloging agency DLC
Transcribing agency DLC
Language of cataloging eng
050 00 - LIBRARY OF CONGRESS CALL NUMBER
Classification number PZ7.K292
Item number Mi 2000
082 00 - DEWEY DECIMAL CLASSIFICATION NUMBER
Classification number 808.068
100 1# - MAIN ENTRY--PERSONAL NAME
Personal name Kellogg, Steven
Relator term author
-- illustrator
245 14 - TITLE STATEMENT
Title The missing mitten mystery /
Statement of responsibility, etc. story and pictures by Steven Kellogg
250 ## - EDITION STATEMENT
Edition statement First Scholastic printing, January 2002
260 ## - PUBLICATION, DISTRIBUTION, ETC.
Name of publisher, distributor, etc. Scholastic,
Date of publication, distribution, etc. 2000
Place of publication, distribution, etc. New York :
300 ## - PHYSICAL DESCRIPTION
Extent 31 unnumbered pages :
Other physical details color illustrations ;
Dimensions 29 cm
500 ## - GENERAL NOTE
General note Re-worked edition of: The mystery of the missing red mitten. 1974.
505 ## - FORMATTED CONTENTS NOTE
Formatted contents note J <br/>
520 ## - SUMMARY, ETC.
Summary, etc. Annie searches the neighborhood for her red mitten, the fifth she's lost this winter.
521 ## - TARGET AUDIENCE NOTE
Target audience note 500 <br/>
Source Lexile AD <br/>
521 ## - TARGET AUDIENCE NOTE
Target audience note J <br/>
Source Raz-Plus <br/>
650 #1 - SUBJECT ADDED ENTRY--TOPICAL TERM
Topical term or geographic name entry element Lost and found possessions
Form subdivision Fiction.
650 #1 - SUBJECT ADDED ENTRY--TOPICAL TERM
Topical term or geographic name entry element Mittens
Form subdivision Fiction.
906 ## - LOCAL DATA ELEMENT F, LDF (RLIN)
a 7
b cbc
c orignew
d 1
e ocip
f 19
g y-gencatlg
942 ## - ADDED ENTRY ELEMENTS (KOHA)
Source of classification or shelving scheme Dewey Decimal Classification
Koha item type Books
Suppress in OPAC No
999 ## -
-- 1666
-- 1666
Holdings
Withdrawn status Lost status Source of classification or shelving scheme Damaged status Not for loan Collection Home library Current library Shelving location Date acquired Total Checkouts Full call number Barcode Date last seen Date last checked out Copy number Price effective from Koha item type
    Dewey Decimal Classification     Juvenile Fiction Footprints International School Library Network Toul Tom Poung Campus Footprints International School Library Network Toul Kork Campus TTP Primary Dark Blue Bookshelves 09/14/2023 5 KEL 808.068 PZ7.K292 FIS01974 04/24/2025 04/10/2025 1 09/14/2023 Books
    Dewey Decimal Classification     Juvenile Fiction Footprints International School Library Network Toul Kork Campus Footprints International School Library Network Toul Kork Campus TK Primary Library Room(4th Floor), Bookcase 1&2, Shelves 1-16, Dark Blue Books 04/22/2025   KEL 808.068 PZ7.K292 FISBK06123 04/22/2025   2 04/22/2025 Books
    Dewey Decimal Classification     Juvenile Fiction Footprints International School Library Network Toul Kork Campus Footprints International School Library Network Toul Kork Campus TK Primary Library Room(4th Floor), Bookcase 1&2, Shelves 1-16, Dark Blue Books 04/22/2025   KEL 808.068 PZ7.K292 FISTK02316 04/22/2025   3 04/22/2025 Books
    Dewey Decimal Classification     Juvenile Fiction Footprints International School Library Network Toul Kork Campus Footprints International School Library Network Toul Kork Campus TK Primary Library Room(4th Floor), Bookcase 1&2, Shelves 1-16, Dark Blue Books 04/22/2025   KEL 808.068 PZ7.K292 FISBK06139 04/22/2025   4 04/22/2025 Books